[Event "Barcelona Tupinamba op 12th"]
[Site "Barcelona"]
[Date "2017.04.26"]
[Round "5.10"]
[White "Moner Lasheras, Pablo"]
[Black "Bernat, Ernest"]
[Result "1-0"]
[WhiteElo "1838"]
[BlackElo "1907"]
[PlyCount "45"]
[EventDate "2017.03.22"]
[EventType "swiss"]
[EventRounds "9"]
[EventCountry "ESP"]
[SourceTitle "EXT 2024"]
[Source "ChessBase"]
[SourceDate "2023.10.10"]
[SourceVersion "1"]
[SourceVersionDate "2023.10.10"]
[SourceQuality "1"]

1. e4 c5 2. Nf3 d6 3. Nc3 a6 4. b3 Nf6 5. Bb2 e6 6. Bd3 Nc6 7. 0-0 Be7 8. a3 0-0 9. Qe2 Qc7 10. Rfe1 Bd7 11. Nd1 Rfe8 12. e5 dxe5 13. Nxe5 Nxe5 14. Bxe5 Qc6 15. Ne3 Rad8 16. Ng4 Nxg4 17. Qxg4 g6 18. Re3 f5 19. Qf4 Bc8 20. Bc3 Rf8 21. Rh3 Bf6 22. Bxf6 Rxf6 23. Qh4 1-0

[Event "Barcelona Sant Marti op 6th"]
[Site "Barcelona"]
[Date "2017.03.09"]
[Round "9"]
[White "Moner Lasheras, Pablo"]
[Black "Sabater Comas, Jordi"]
[Result "1-0"]
[WhiteElo "1838"]
[BlackElo "1918"]
[PlyCount "23"]
[EventDate "2017.01.12"]
[EventType "swiss"]
[EventRounds "9"]
[EventCountry "ESP"]
[SourceTitle "EXT 2018"]
[Source "ChessBase"]
[SourceDate "2017.10.13"]
[SourceVersion "1"]
[SourceVersionDate "2017.10.13"]
[SourceQuality "1"]

1. d4 e6 2. c4 d5 3. Nf3 Nf6 4. Bg5 Be7 5. e3 Ne4 6. Bxe7 Qxe7 7. Nbd2 Qb4 8. Qc2 Nxd2 9. Nxd2 0-0 10. Bd3 h6 11. c5 Bd7 12. a3 1-0

[Event "Barcelona Sant Marti op 6th"]
[Site "Barcelona"]
[Date "2017.03.02"]
[Round "8"]
[White "Serentill Tost, Eduard"]
[Black "Moner Lasheras, Pablo"]
[Result "0-1"]
[WhiteElo "1700"]
[BlackElo "1838"]
[PlyCount "38"]
[EventDate "2017.01.12"]
[EventType "swiss"]
[EventRounds "9"]
[EventCountry "ESP"]
[SourceTitle "EXT 2018"]
[Source "ChessBase"]
[SourceDate "2017.10.13"]
[SourceVersion "1"]
[SourceVersionDate "2017.10.13"]
[SourceQuality "1"]

1. e4 c5 2. Nf3 Nc6 3. d4 cxd4 4. Nxd4 d6 5. Be2 Nf6 6. Nc3 g6 7. Be3 Bg7 8. h3 Qa5 9. Qd2 a6 10. 0-0 Qb4 11. Nxc6 bxc6 12. a3 Qa5 13. b4 Qc7 14. Bh6 0-0 15. Bxg7 Kxg7 16. Rad1 Bb7 17. Bf3 a5 18. Na4 axb4 19. Nb6 Rxa3 0-1

[Event "Barcelona Sant Marti op 6th"]
[Site "Barcelona"]
[Date "2017.02.23"]
[Round "7"]
[White "Moner Lasheras, Pablo"]
[Black "Prats Rodriguez, Juan Bosco"]
[Result "0-1"]
[WhiteElo "1838"]
[BlackElo "1937"]
[PlyCount "58"]
[EventDate "2017.01.12"]
[EventType "swiss"]
[EventRounds "9"]
[EventCountry "ESP"]
[SourceTitle "EXT 2018"]
[Source "ChessBase"]
[SourceDate "2017.10.13"]
[SourceVersion "1"]
[SourceVersionDate "2017.10.13"]
[SourceQuality "1"]

1. e4 d6 2. d4 Nf6 3. Bd3 e5 4. Ne2 exd4 5. Nxd4 g6 6. Bg5 Bg7 7. Nc3 c6 8. 0-0 0-0 9. Qd2 Nbd7 10. Kh1 Qb6 11. Nb3 Ne5 12. Be2 Be6 13. f4 Nc4 14. Bxc4 Bxc4 15. Rf3 Rfe8 16. Re1 d5 17. e5 Ng4 18. Na4 Qc7 19. Nd4 c5 20. Nb3 b6 21. Nc3 Qc6 22. h3 Nh6 23. Qf2 Nf5 24. Nd2 Ba6 25. Ne2 f6 26. exf6 Bxf6 27. Ng3 Rxe1+ 28. Qxe1 Re8 29. Qf2 Bd4 0-1

[Event "Barcelona Sant Marti op 6th"]
[Site "Barcelona"]
[Date "2017.02.16"]
[Round "6"]
[White "Masferrer Andreu, Josep Miquel"]
[Black "Moner Lasheras, Pablo"]
[Result "0-1"]
[WhiteElo "1661"]
[BlackElo "1838"]
[PlyCount "96"]
[EventDate "2017.01.12"]
[EventType "swiss"]
[EventRounds "9"]
[EventCountry "ESP"]
[SourceTitle "EXT 2018"]
[Source "ChessBase"]
[SourceDate "2017.10.13"]
[SourceVersion "1"]
[SourceVersionDate "2017.10.13"]
[SourceQuality "1"]

1. e4 c5 2. Nf3 Nc6 3. d4 cxd4 4. Nxd4 d6 5. Nc3 Nf6 6. h3 g6 7. Nxc6 bxc6 8. Bd3 Bg7 9. Be3 0-0 10. Qd2 d5 11. exd5 Nxd5 12. Nd1 Nxe3 13. Qxe3 Qa5+ 14. c3 Be6 15. 0-0 Rab8 16. Re1 Rfd8 17. Re2 Rd5 18. Qf3 Rbd8 19. Bc2 Qb6 20. Qe3 Qa6 21. f4 Bf6 22. Nf2 Bf5 23. Bb3 R5d7 24. g4 Bd3 25. Rd2 Bc4 26. Rad1 Rxd2 27. Rxd2 Rxd2 28. Qxd2 Bxb3 29. axb3 e6 30. b4 Bh4 31. g5 Qb6 32. Kg2 Qxf2+ 33. Qxf2 Bxf2 34. Kxf2 h6 35. h4 hxg5 36. hxg5 f6 37. gxf6 Kf7 38. Ke3 Kxf6 39. Ke4 a6 40. b3 e5 41. fxe5+ Ke6 42. Kf4 g5+ 43. Kxg5 Kxe5 44. Kg6 Ke4 45. Kf6 Kd3 46. Ke6 Kxc3 47. Kd6 Kxb3 48. Kc5 Kc3 0-1

[Event "Barcelona CC 4th"]
[Site "Barcelona"]
[Date "2016.10.31"]
[Round "3.7"]
[White "Rodriguez Isern, Bernat"]
[Black "Moner Lasheras, Pablo"]
[Result "0-1"]
[WhiteElo "2013"]
[BlackElo "1838"]
[PlyCount "75"]
[EventDate "2016.10.17"]
[EventType "swiss"]
[EventRounds "8"]
[EventCountry "ESP"]
[SourceTitle "EXT 2024"]
[Source "ChessBase"]
[SourceDate "2023.10.10"]
[SourceVersion "1"]
[SourceVersionDate "2023.10.10"]
[SourceQuality "1"]

1. e4 c6 2. d4 d5 3. exd5 cxd5 4. Bd3 Nf6 5. h3 Nc6 6. Nf3 g6 7. c3 Bg7 8. 0-0 0-0 9. Re1 a6 10. a4 h6 11. Bf4 Bd7 12. Nbd2 Na5 13. Ne5 Bf5 14. Ndf3 Bxd3 15. Qxd3 Ne4 16. c4 e6 17. cxd5 exd5 18. b4 Nc6 19. Nxc6 bxc6 20. Rec1 Qb6 21. Rab1 Rfe8 22. Rc2 Re6 23. Be5 f6 24. Bf4 g5 25. Bh2 Bf8 26. a5 Qb7 27. Nd2 Rae8 28. Nf1 h5 29. Ne3 Nxf2 30. Kxf2 Rxe3 31. Qg6+ Bg7 32. Qxh5 Qd7 33. Qg6 Qe6 34. Rbb2 Re1 35. Qd3 Rh1 36. Re2 Qd7 37. Bg1 Rxe2+ 38. Rxe2 0-1

[Event "Barcelona Sant Marti op-A 5th"]
[Site "Barcelona"]
[Date "2016.03.03"]
[Round "8"]
[White "Moner Lasheras, Pablo"]
[Black "Sanchez Guerrero, Cesar"]
[Result "0-1"]
[WhiteElo "1820"]
[BlackElo "1894"]
[PlyCount "46"]
[EventDate "2016.01.14"]
[EventType "swiss"]
[EventRounds "9"]
[EventCountry "ESP"]
[SourceTitle "EXT 2017"]
[Source "ChessBase"]
[SourceDate "2016.10.25"]
[SourceVersion "1"]
[SourceVersionDate "2016.10.25"]
[SourceQuality "1"]

1. e4 d6 2. d4 Nf6 3. Nc3 g6 4. f3 Bg7 5. Be3 0-0 6. Qd2 e5 7. Nge2 exd4 8. Nxd4 d5 9. e5 Ne8 10. Bg5 Qd7 11. Qe3 c5 12. Nb3 d4 13. Nxc5 dxe3 14. Nxd7 Nxd7 15. Be7 Bxe5 16. Nd1 Nef6 17. Bxf8 Kxf8 18. Rb1 Bd4 19. Ke2 Nd5 20. g3 Ne5 21. h3 Bf5 22. Rc1 Rc8 23. f4 Be4 0-1